El problema de la estabilización o el medio de lograr un regimen monetario fijo / (Record no. 41569)

MARC details
000 -LEADER
campo de control de longitud fija 00621nam a2200181 i 4500
001 - NÚMERO DE CONTROL
campo de control 41569
003 - IDENTIFICADOR DE NÚMERO DE CONTROL
campo de control ES-MaACL
005 - FECHA Y HORA DE LA ÚLTIMA TRANSACCIÓN
campo de control 20230906160444.0
007 - CAMPO FIJO DE DESCRIPCIÓN FÍSICA--INFORMACIÓN GENERAL
campo de control de longitud fija t|
008 - DATOS DE LONGITUD FIJA--INFORMACIÓN GENERAL
campo de control de longitud fija 030311s1932 sp ||||1| spa d
100 1# - ENTRADA PRINCIPAL--NOMBRE DE PERSONA
Nombre de persona Cassel, Gustavo.
9 (RLIN) 36346
245 13 - MENCIÓN DEL TÍTULO
Título El problema de la estabilización o el medio de lograr un regimen monetario fijo /
Mención de responsabilidad, etc. por Gustav Cassel ; traducido de la versión alemana de Max Meblen por Enrique Rodríguez Mata.
260 ## - PUBLICACIÓN, DISTRIBUCIÓN, ETC.
Lugar de publicación, distribución, etc. Madrid :
Nombre del editor, distribuidor, etc. Labor,
Fecha de publicación, distribución, etc. 1932.
300 ## - DESCRIPCIÓN FÍSICA
Extensión 124 p. ;
Dimensiones 23 cm.
700 1# - ENTRADA AGREGADA--NOMBRE PERSONAL
Nombre de persona Meblen, Max.
9 (RLIN) 79646
700 1# - ENTRADA AGREGADA--NOMBRE PERSONAL
Nombre de persona Rodríguez Mata, Enrique.
9 (RLIN) 98652
852 ## - LOCALIZACIÓN
Ubicación ES-MaACL
Número de control de estantería A-451
Holdings
Estatus retirado Estado de pérdida Estado de daño No para préstamo Biblioteca de origen Biblioteca actual Ubicación en estantería Fecha de adquisición Fuente de adquisición Total de préstamos Signatura topográfica completa Código de barras Visto por última vez Precio de reemplazo Tipo de ítem Koha
        Biblioteca del Ateneo de Madrid Biblioteca del Ateneo de Madrid Sala Pecera Planta 1 17/01/2008     A-451 1043760 23/02/2023 23/02/2023 Libro impreso